Estructura económica y social de Hispania durante la anarquía militar y el Bajo Imperio / (Record no. 34584)

MARC details
000 -LEADER
campo de control de longitud fija 00756nam a2200193 i 4500
001 - NÚMERO DE CONTROL
campo de control 34584
003 - IDENTIFICADOR DE NÚMERO DE CONTROL
campo de control ES-MaACL
005 - FECHA Y HORA DE LA ÚLTIMA TRANSACCIÓN
campo de control 20250921063023.0
007 - CAMPO FIJO DE DESCRIPCIÓN FÍSICA--INFORMACIÓN GENERAL
campo de control de longitud fija t|
008 - DATOS DE LONGITUD FIJA--INFORMACIÓN GENERAL
campo de control de longitud fija 030207s1964 sp ||||1| spa d
100 1# - ENTRADA PRINCIPAL--NOMBRE DE PERSONA
Nombre de persona Blázquez, José María,
Fechas asociadas al nombre 1926-
9 (RLIN) 141915
245 10 - MENCIÓN DEL TÍTULO
Título Estructura económica y social de Hispania durante la anarquía militar y el Bajo Imperio /
Mención de responsabilidad, etc. J. M. Blázquez.
260 ## - PUBLICACIÓN, DISTRIBUCIÓN, ETC.
Lugar de publicación, distribución, etc. Madrid :
Nombre del editor, distribuidor, etc. Facultad de Filosofía y Letras de la Universidad Central,
Fecha de publicación, distribución, etc. 1964.
300 ## - DESCRIPCIÓN FÍSICA
Extensión VII, 206 p. ;
Dimensiones 21 cm.
490 1# - MENCIÓN DE SERIE
Mención de serie Cuadernos de la Cátedra de Historia Antigua de España ;
Designación de volumen o secuencia 1
830 0# - PUNTO DE ACCESO ADICIONAL DE SERIE-TÍTULO UNIFORME
Título uniforme Cuadernos de la Cátedra de Historia Antigua de España ;
Designación de volumen o secuencia 1
9 (RLIN) 229502
852 ## - LOCALIZACIÓN
Ubicación ES-MaACL
Número de control de estantería B-2089
Sublocalización o colección R.62739
Holdings
Estatus retirado Estado de pérdida Estado de daño No para préstamo Biblioteca de origen Biblioteca actual Ubicación en estantería Fecha de adquisición Fuente de adquisición Total de préstamos Signatura topográfica completa Código de barras Visto por última vez Precio de reemplazo Tipo de ítem Koha
        Biblioteca del Ateneo de Madrid Biblioteca del Ateneo de Madrid Sala Pardo Bazán 17/01/2008     B-2089 1036072 23/02/2023 23/02/2023 Libro impreso